000 00257nam a2200097Ia 4500
008 231107s2004 xx 000 0 und d
041 _aeng
100 _aScalise C.M.
245 _aInterior Planning & Design
260 _aNew York
_bDelmar Publishers Inc.
_c2004
999 _c928207
_d928207